| 000 | 00577nam a22001937a 4500 | ||
|---|---|---|---|
| 003 | OSt | ||
| 005 | 20160516162733.0 | ||
| 008 | 160516b xxu||||| |||| 00| 0 eng d | ||
| 020 | _a0125095511 | ||
| 040 | _cDDC. | ||
| 082 | _a579.5MUE 2004. | ||
| 100 |
_aEdited by Mueller,M.Gregory;[et.....al] _98822 |
||
| 245 |
_aBiodiversity of Fungi. _bEventory and Monitoring Methods. |
||
| 260 |
_aNew york. _bElsevier Academic Press. _c2004. |
||
| 300 |
_axviii,777p; _bcol,ill; _c29cm |
||
| 504 | _aliterature and index are included. | ||
| 650 |
_aBiology. _95602 |
||
| 942 |
_2ddc _cSLOAN |
||
| 999 |
_c4056 _d4056 |
||